Tax integration systems in European Union countries versus community

Diverzifikácia daňových systémov jednotlivých krajín EÚ. Porovnanie daňových systémov v rôznych krajinách EÚ a postupujúcej integrácie spoločenstva.

Gespeichert in:
Bibliographische Detailangaben
1. Verfasser: Binda, Jacek
Weitere Verfasser: Štofková, Katarína, Mrowiec, Pawel
Format: Buchkapitel
Sprache:Englisch
Schlagworte:
Tags: Tag hinzufügen
Keine Tags, Fügen Sie das erste Tag hinzu!

MARC

LEADER 00000naa a2200000 4500
001 0189019
005 20231207075329.9
041 0 |a eng 
044 |a SK 
245 1 0 |a Tax integration systems in European Union countries versus community  |c Jacek Binda, Katarína Štofková, Pawel Mrowiec 
520 |a Diverzifikácia daňových systémov jednotlivých krajín EÚ. Porovnanie daňových systémov v rôznych krajinách EÚ a postupujúcej integrácie spoločenstva. 
610 2 0 |a porovnanie medzinárodné 
610 2 0 |a politika fiškálna 
610 2 0 |a Európska únia 
610 2 0 |a integrácia ekonomická medzinárodná 
610 2 0 |a systémy daňové 
610 2 0 |a politika daňová 
100 1 |a Binda, Jacek 
700 1 |a Štofková, Katarína 
700 1 |a Mrowiec, Pawel